| 000 | 01025nam a2200301 c 4500 | ||
|---|---|---|---|
| 999 |
_c342819 _d342819 |
||
| 003 | BLK | ||
| 005 | 20200427153333.0 | ||
| 008 | 180911b bul|||||r ||||||| ||bul|| | ||
| 010 | _a002479 | ||
| 040 | _aBLK | ||
| 041 |
_aBUL _cBUL |
||
| 080 | _z886.7-32 | ||
| 100 | 1 |
_aСЯРОВ, Димо _eпърви автор _9398105 |
|
| 245 | 0 | 0 | _aОчите на България |
| 246 |
_aВоенни разкази _pепос-разкази |
||
| 260 |
_aСофия _bХемус _c1942 |
||
| 300 |
_a96 с _c19 см |
||
| 380 | _a82 | ||
| 490 |
_aЧастна колекция - Академик Михаил Арнаудов _gДарение - Основен фонд |
||
| 500 | _aАвтограф с текст: проф. М. Арнаудов. приятелски спомен. Автора София 10. VI. 942.; | ||
| 520 | _aс текст: проф. М. Арнаудов. приятелски спомен. Автора София 10. VI. 942. | ||
| 650 |
_aПроза _9167961 |
||
| 653 | _aепос | ||
| 653 | _aразкази | ||
| 655 |
_aбългарска литература _9396199 |
||
| 700 | 1 |
_aДимо Сяров _9398475 |
|
| 852 |
_aМА 1805 _bМА |
||
| 942 |
_cKNG _n0 _s1 |
||
| 944 |
_aCR _c1996 _kValK |
||
| 999 | _d342819 | ||
| 999 | _d342819 | ||